| 000 | 00432nam a2200121 a 4500 | ||
|---|---|---|---|
| 008 | 120416s2002 ||||||||||||||||| || u | ||
| 050 | _aTHESIS | ||
| 100 | _aZiba, Michael | ||
| 245 | 1 | 0 | _aPlot application system |
| 260 |
_aKitwe _bCopperbelt University, School of Technology _c2002 |
||
| 350 | _a0.00 | ||
| 995 |
_D0.00 _FCBU-MAIN LIBRARY (Kitwe) _H1 _I0.00 _UAVAILABLE _ZUniversity Collection |
||
| 999 |
_c53795 _d53795 |
||